=LDR 00000nam 2200000 4500 =001 INLIS000000000012925 =005 20230307023211 =035 ##$$a 0010-061300000012925 =008 230307###########################0###### =041 ##$$a Ind =082 ##$$a 367 =090 ##$$a 367, Per p =245 1#$$a Perempuan Bergerak : $b Membingkai Gerakan Konsumen dan Penegakan Hak-Hak Perempuan /$c Zumrotin K. Susilo, dkk =260 ##$$a Sulawesi Selatan :$b Yayasan Lembaga konsumen Sulawesi Selatan,$c 2000 =300 ##$$a xi, 247 hlm ; $c 21 cm =650 #4$$a Wanita =650 #4$$a 21 cm =850 ##$$a NBPNMAT =084 ##$$a 367 ZUM p =100 #$$a Zumrotin K. Susilo =990 ##$$a 0001/BPAP-NTB/2016